Historically Inaccurate Movies Quiz Stats

 Plays Quiz Updated Nov 30, 2018

Challenge
Share
Tweet
Embed
Score 0/18 Timer 05:00
0 Plays Today
% Correct
Braveheart
93.4%
Pearl Harbor
93.1%
Pocahontas
91.2%
Amadeus
91.2%
Inglourious Basterds
90.7%
10,000 BC
89.3%
The Untouchables
87.8%
Gladiator
86.4%
Argo
84.7%
% Correct
Memoirs of a Geisha
84.5%
The Patriot
84.4%
The Last Samurai
80.7%
U-571
77.5%
Apocalypto
75.4%
The Young Victoria
67.7%
The Far Horizons
65.8%
Elizabeth: The Golden Age
65.8%
Marie Antoinette
63.6%

You're not logged in!

Compare scores with friends on all Sporcle quizzes.
OR
Log In

You Might Also Like...

Show Comments

Extras

Top Quizzes Today


Score Distribution

Your Account Isn't Verified!

In order to create a playlist on Sporcle, you need to verify the email address you used during registration. Go to your Sporcle Settings to finish the process.

Report this User

Report this user for behavior that violates our Community Guidelines.

Details: